Phòng trị bệnh ký sinh trùng cho gà nuôi gia đình

محفوظ في:
التفاصيل البيبلوغرافية
المؤلف الرئيسي: Dương, Công Thuận
التنسيق: كتاب
اللغة:Undetermined
منشور في: Hà Nội Nông Nghiệp 2002
الموضوعات:
الوسوم: إضافة وسم
لا توجد وسوم, كن أول من يضع وسما على هذه التسجيلة!
Thư viện lưu trữ: Trung tâm Học liệu Trường Đại học Cần Thơ
LEADER 00557nam a2200193Ia 4500
001 CTU_52397
008 210402s9999 xx 000 0 und d
020 |b 9600 
082 |a 636.5089 
082 |b Th502 
100 |a Dương, Công Thuận 
245 0 |a Phòng trị bệnh ký sinh trùng cho gà nuôi gia đình 
245 0 |c Dương Công Thuận 
260 |a Hà Nội 
260 |b Nông Nghiệp 
260 |c 2002 
650 |a Poultry 
650 |x Diseases 
980 |a Trung tâm Học liệu Trường Đại học Cần Thơ